| 000 | 01142naa a22003137a 4500 | ||
|---|---|---|---|
| 001 | BR8305606 | ||
| 003 | BR-BrBNA | ||
| 005 | 20240918175350.0 | ||
| 007 | ta | ||
| 008 | 230509b bl.||||| |||| 00| 0 por d | ||
| 040 |
_aBR-BrBNA _bpor _cBiblioteca Nacional de Agricultura |
||
| 041 | _a(Pt) | ||
| 072 | _aF27; F28; F22 | ||
| 090 | _aF27 BR8305606 | ||
| 100 | 1 | _aWunche, W.A. | |
| 111 | 1 |
_a2. Encontro Nacional de Plantio Direto _cPonta Grossa, PR (Brazil) _d3 Feb 1983 |
|
| 245 | 1 | _aEfeito do plantio direto na fertilidade do solo [erosao do solo, compactacao do solo] | |
| 260 | 3 |
_aPonta Grossa, PR (Brasil): _c1983. |
|
| 500 | _aAnais do 2. Encontro Nacional de Plantio Direto Ponta Grossa, PR (Brasil): 1983. p. 117-133 (BR8305606-AM)F27 | ||
| 650 | _aPLANTIO DIRETO | ||
| 650 | _aMATERIA ORGANICA | ||
| 650 | _aEROSAO DO SOLO | ||
| 650 | _aCONSERVACAO DO SOLO | ||
| 650 | _aCOMPACTACAO DO SOLO | ||
| 650 | _aTEMPERATURA DO SOLO | ||
| 773 | 0 |
_tAnais do 2. Encontro Nacional de Plantio Direto _wF27 BR8305606 _gPonta Grossa, PR (Brasil), 1983. p. 117-133 |
|
| 909 |
_a202404 _bLucia _c55 _dLucia Elande |
||
| 942 |
_cAM _2AGRIS |
||
| 999 |
_c316346 _d316346 |
||